00729cam a22001937a 4500020002500000020002200025040000800047082002600055245005400081260004600135300002900181490007100210500012600281650002800407650001700435650003700452650002700489700001900516 a9783515091961 (pbk.) a3515091963 (pbk.) cOHX a614 FRA 2008 A083 Or.00aDénomination, phraséologie et référence / aStuttgart :bFranz Steiner Verlag,c2008. a120 p. :bill. ;c24 cm.0 aZeitschrift für französische Sprache und Literatur. Beihefte ; aPapers from the 1st Colloque Res per Nomen, held at the Université de Reims Champagne-Ardenne, Reims, France, May 2007. 0aReference (Linguistics) 0aOnomasiology 0aGrammar, Comparative and general 0aLanguage and languages1 aFrath, Pierre.